ARRUPE JESUIT UNIVERSITY

CORONAVIRUS -STOP THE SPREAD - CLEAN,DISINFECT,COVER

Modern churches of the world (Record no. 131624)

MARC details
000 -LEADER
fixed length control field 00929cam a22002891 4500
001 - CONTROL NUMBER
control field 9396083
003 - CONTROL NUMBER IDENTIFIER
control field ARRUPE
005 - DATE AND TIME OF LATEST TRANSACTION
control field 20221130143905.0
008 - FIXED-LENGTH DATA ELEMENTS--GENERAL INFORMATION
fixed length control field 731018s1965 enka b 001 0 eng
010 ## - LIBRARY OF CONGRESS CONTROL NUMBER
LC control number 65003480
015 ## - NATIONAL BIBLIOGRAPHY NUMBER
National bibliography number GB65-7187
028 ## - PUBLISHER NUMBER
Source Arrupe
035 ## - SYSTEM CONTROL NUMBER
System control number (OCoLC)719912
040 ## - CATALOGING SOURCE
Original cataloging agency DLC
Transcribing agency OOxM
Modifying agency Uk
-- PPiU
-- DLC
050 00 - LIBRARY OF CONGRESS CALL NUMBER
Classification number NA4815
Item number .M3
300 ## - PHYSICAL DESCRIPTION
Other physical details illus., plans.
Dimensions 19 cm.
100 1# - MAIN ENTRY--PERSONAL NAME
Personal name Maguire, Robert
Fuller form of name (Robert Alfred)
9 (RLIN) 52168
245 10 - TITLE STATEMENT
Title Modern churches of the world
Statement of responsibility, etc [by] Robert Maguire and Keith Murray.
260 ## - PUBLICATION, DISTRIBUTION, ETC. (IMPRINT)
Place of publication, distribution, etc [London,
Name of publisher, distributor, etc Studio Vista, ltd.;
Place of publication, distribution, etc New York,
Name of publisher, distributor, etc Dutton,
Date of publication, distribution, etc 1965]
300 ## - PHYSICAL DESCRIPTION
Extent 160 p.
490 0# - SERIES STATEMENT
Series statement A Dutton Vista pictureback,
Volume number/sequential designation 10
504 ## - BIBLIOGRAPHY, ETC. NOTE
Bibliography, etc Bibliography: p. 160.
650 #0 - SUBJECT ADDED ENTRY--TOPICAL TERM
Topical term or geographic name as entry element Church architecture.
9 (RLIN) 52169
650 #0 - SUBJECT ADDED ENTRY--TOPICAL TERM
Topical term or geographic name as entry element Church buildings.
9 (RLIN) 52170
700 1# - ADDED ENTRY--PERSONAL NAME
Personal name Murray, Keith A.
Relator term joint author.
9 (RLIN) 52171
906 ## - LOCAL DATA ELEMENT F, LDF (RLIN)
a 7
b cbc
c oclcrpl
d u
e ncip
f 19
g y-gencatlg
942 ## - ADDED ENTRY ELEMENTS (KOHA)
Source of classification or shelving scheme Library of Congress Classification
Koha item type Monograph ( Printed materials)
Holdings
Withdrawn status Lost status Source of classification or shelving scheme Damaged status Not for loan Home library Current library Shelving location Date acquired Total Checkouts Full call number Barcode Date last seen Price effective from Koha item type
    Library of Congress Classification     ARRUPE LIBRARY ARRUPE LIBRARY Main Collection 30/11/2022   NA4815 .M3 46700000186 30/11/2022 30/11/2022 Monograph ( Printed materials)

 

Arrupe Library. PO Box MP320 Mt Pleasant, Harare, Zimbabwe
263 242 745411|librarian@aju.ac.zw